<?xml version="1.0" encoding="UTF-8"?>
<record
    xmlns:xsi="http://www.w3.org/2001/XMLSchema-instance"
    xsi:schemaLocation="http://www.loc.gov/MARC21/slim http://www.loc.gov/standards/marcxml/schema/MARC21slim.xsd"
    xmlns="http://www.loc.gov/MARC21/slim">

  <leader>01213nam a2200301 u 4500</leader>
  <controlfield tag="001">000019028</controlfield>
  <controlfield tag="003">DO-SdBNP</controlfield>
  <controlfield tag="005">20220609125707.0</controlfield>
  <controlfield tag="007">000019028</controlfield>
  <controlfield tag="008">100524s 1999   dr ac   r001 0 spa d</controlfield>
  <datafield tag="020" ind1=" " ind2=" ">
    <subfield code="a">9701840062</subfield>
  </datafield>
  <datafield tag="040" ind1=" " ind2=" ">
    <subfield code="a">BPMSU</subfield>
    <subfield code="b">spa</subfield>
    <subfield code="c">BPMSU</subfield>
  </datafield>
  <datafield tag="082" ind1=" " ind2="4">
    <subfield code="a">928.61</subfield>
    <subfield code="b">H519K 1999</subfield>
    <subfield code="2">22</subfield>
  </datafield>
  <datafield tag="100" ind1="1" ind2=" ">
    <subfield code="a">Krauze, Enr&#xED;que,</subfield>
    <subfield code="d">1947-</subfield>
  </datafield>
  <datafield tag="245" ind1="1" ind2="0">
    <subfield code="a">Pedro Henr&#xED;quez Ure&#xF1;a /</subfield>
    <subfield code="c">Enr&#xED;quez Krauze.</subfield>
  </datafield>
  <datafield tag="260" ind1=" " ind2=" ">
    <subfield code="a">Santo Domingo :</subfield>
    <subfield code="b">Conaculta,</subfield>
    <subfield code="c">1999.</subfield>
  </datafield>
  <datafield tag="300" ind1=" " ind2=" ">
    <subfield code="a">63 p. :</subfield>
    <subfield code="b">il., retrs. ;</subfield>
    <subfield code="c">28 cm.</subfield>
  </datafield>
  <datafield tag="500" ind1=" " ind2=" ">
    <subfield code="a">Incluye cronolog&#xED;a de la vida de Pedro Henr&#xED;quez Ure&#xF1;a (p. 59)</subfield>
  </datafield>
  <datafield tag="504" ind1=" " ind2=" ">
    <subfield code="a">Bibliograf&#xED;a: p. 61</subfield>
  </datafield>
  <datafield tag="505" ind1="0" ind2=" ">
    <subfield code="t">El cr&#xED;tico errante --</subfield>
    <subfield code="t">Fragmento de patria -- </subfield>
    <subfield code="t">Utop&#xED;a de pertenecer --</subfield>
    <subfield code="t">Amistad intelectual -- </subfield>
    <subfield code="t">Nicho ecol&#xF3;gico --</subfield>
    <subfield code="t">Santo esc&#xE9;ptico-- </subfield>
    <subfield code="t">Cronolog&#xED;a --</subfield>
    <subfield code="t">Bibliograf&#xED;a --</subfield>
    <subfield code="t">Idetificaci&#xF3;n de im&#xE1;genes.</subfield>
  </datafield>
  <datafield tag="590" ind1=" " ind2=" ">
    <subfield code="6">Inventariado, 2022/VM</subfield>
  </datafield>
  <datafield tag="600" ind1="1" ind2="4">
    <subfield code="a">Henr&#xED;quez Ure&#xF1;a, Pedro </subfield>
    <subfield code="d">1884-1946  </subfield>
    <subfield code="x">Cr&#xED;tica e interpretaci&#xF3;n </subfield>
  </datafield>
  <datafield tag="650" ind1=" " ind2="4">
    <subfield code="a">Autores dominicanos </subfield>
    <subfield code="x">Biograf&#xED;as </subfield>
  </datafield>
  <datafield tag="651" ind1=" " ind2="4">
    <subfield code="a">Rep&#xFA;blica Dominicana </subfield>
    <subfield code="x">Vida intelectual </subfield>
    <subfield code="y">Siglo XX</subfield>
  </datafield>
  <datafield tag="651" ind1=" " ind2="4">
    <subfield code="a">Rep&#xFA;blica Dominicanan </subfield>
    <subfield code="x">Biograf&#xED;as </subfield>
  </datafield>
  <datafield tag="910" ind1=" " ind2=" ">
    <subfield code="a">VMateo V./Validado. Control de calidad MFF</subfield>
  </datafield>
  <datafield tag="942" ind1=" " ind2=" ">
    <subfield code="2">ddc</subfield>
    <subfield code="c">BK</subfield>
  </datafield>
  <datafield tag="952" ind1=" " ind2=" ">
    <subfield code="0">0</subfield>
    <subfield code="1">0</subfield>
    <subfield code="2">ddc</subfield>
    <subfield code="4">0</subfield>
    <subfield code="7">0</subfield>
    <subfield code="8">CD</subfield>
    <subfield code="a">BPMET</subfield>
    <subfield code="b">BPMET</subfield>
    <subfield code="d">2015-05-14</subfield>
    <subfield code="o">BPMSU CD 928.61097293 H519K 2000</subfield>
    <subfield code="p">BPMSU15051714</subfield>
    <subfield code="r">2015-05-14</subfield>
    <subfield code="w">2015-05-14</subfield>
    <subfield code="y">BK</subfield>
  </datafield>
  <datafield tag="952" ind1=" " ind2=" ">
    <subfield code="0">0</subfield>
    <subfield code="1">0</subfield>
    <subfield code="2">ddc</subfield>
    <subfield code="4">0</subfield>
    <subfield code="7">0</subfield>
    <subfield code="8">CD</subfield>
    <subfield code="a">BPMET</subfield>
    <subfield code="b">BPMET</subfield>
    <subfield code="d">2015-05-14</subfield>
    <subfield code="o">BPMSU CD 928.61097293 H519K 2000</subfield>
    <subfield code="p">BPMSU15051715</subfield>
    <subfield code="r">2015-05-14</subfield>
    <subfield code="t">e.2</subfield>
    <subfield code="w">2015-05-14</subfield>
    <subfield code="y">BK</subfield>
  </datafield>
  <datafield tag="952" ind1=" " ind2=" ">
    <subfield code="0">0</subfield>
    <subfield code="1">0</subfield>
    <subfield code="2">ddc</subfield>
    <subfield code="4">0</subfield>
    <subfield code="7">0</subfield>
    <subfield code="8">CD</subfield>
    <subfield code="a">BPMET</subfield>
    <subfield code="b">BPMET</subfield>
    <subfield code="d">2015-07-09</subfield>
    <subfield code="o">BPMSU CD 928.61097293 H519K 2000</subfield>
    <subfield code="p">BPMSU15070180</subfield>
    <subfield code="r">2015-07-09</subfield>
    <subfield code="t">e.3</subfield>
    <subfield code="w">2015-07-09</subfield>
    <subfield code="y">BK</subfield>
  </datafield>
  <datafield tag="952" ind1=" " ind2=" ">
    <subfield code="0">0</subfield>
    <subfield code="1">0</subfield>
    <subfield code="2">ddc</subfield>
    <subfield code="4">0</subfield>
    <subfield code="7">0</subfield>
    <subfield code="8">CD</subfield>
    <subfield code="a">BPMET</subfield>
    <subfield code="b">BPMET</subfield>
    <subfield code="d">2015-07-09</subfield>
    <subfield code="l">0</subfield>
    <subfield code="o">BPMSU CD 928.61097293 H519K 2000</subfield>
    <subfield code="p">BPMSU23100026</subfield>
    <subfield code="r">2023-10-17</subfield>
    <subfield code="t">e.4</subfield>
    <subfield code="w">2015-07-09</subfield>
    <subfield code="y">BK</subfield>
  </datafield>
  <datafield tag="999" ind1=" " ind2=" ">
    <subfield code="c">7877</subfield>
    <subfield code="d">7877</subfield>
  </datafield>
</record>
